000 00819nam a2200229Ia 4500
005 20241129111455.0
008 241129s9999||||xx |||||||||||||| ||und||
020 _a978-81-949514-1-4
037 _aTB
040 _aCRL
_bhin
_cCRL
041 _ahin
_2hin
084 _aV2y7M83 152R1
_qCRL
100 _aनीशू कुमार, संपा.
245 0 _aवीर सावरकर: व्यक्तित्व और कृतित्व: एक विश्लेषण
_cनीशू कुमार, संपा.
260 _aदिल्ली, भारत
_bनालंदा प्रकाशन
_c2021
300 _a254पृ0
365 _aINR
_b885
490 _aRoutledge handbooks
650 _a History
942 _cTB
_hV2y7M83 152R1
999 _c1230631
_d1230631